000 00317nam a2200121Ia 4500
005 20251222175937.0
008 251222s9999||||xx |||||||||||||| ||spa||
020 _a8436808207
082 _a351/N31
100 _aNavas López, José Emilio
245 0 _aOrganización de la Empresa y Nuevas Tecnologías
942 _cLIB
999 _c41246
_d41246